| 000 | 00468 a2200157 4500 | ||
|---|---|---|---|
| 001 | 92046 | ||
| 082 | _a620.001518 DIL | ||
| 090 |
_c44004 _d44003 |
||
| 100 | _aEllis H Dill | ||
| 245 | _afinite element method for mechanics of solids with ANSYS Applications | ||
| 250 | _a1 | ||
| 260 |
_aUSA _bCRC Press _c2012 |
||
| 300 |
_axv, 492p. _bHb |
||
| 500 | _aReference book | ||
| 650 | _aContinuum mechanics; finite element method; Engineerning mathematics; ANSYS | ||
| 942 |
_aCAE NUST _k620.001518 DIL |
||
| 999 |
_c327119 _d327119 |
||